000 00528nam a22001457a 4500
999 _c2735
_d2735
008 150730b xxu||||| |||| 00| 0 eng d
020 _a0131960792
050 _aR 864 .G37 2006
100 _aGartee, Richard
245 _aElectronic health:
_bunderstanding and using computerized medical records/
_cRichard Gartee
260 _aUpper Saddle River, NJ:
_bPearson,
_c2006.
300 _axxxii, 506p.:
_bill,;
_c27cm
650 _aMedical records--Data processing
942 _2lcc
_cBOOKS
_hR 864 .G37 2006